Ako poukázať 2 percentá dane z príjmov v roku 2010

V roku 2010 budeme podávať zúčtovanie dane za minulý rok v eurách. S týmto súvisí niekoľko aktuálnych zmien.

Guardado en:
Detalles Bibliográficos
Autor principal: Stričík, Michal, 1969-
Formato: Capítulo de libro
Lenguaje:eslovaco
Materias:
Etiquetas: Agregar Etiqueta
Sin Etiquetas, Sea el primero en etiquetar este registro!

MARC

LEADER 00000naa$a2200000$$$4500
001 0115617
005 20240502072304.1
041 0 |a slo 
044 |a SK 
245 1 0 |a Ako poukázať 2 percentá dane z príjmov v roku 2010  |c Michal Stričík 
520 |a V roku 2010 budeme podávať zúčtovanie dane za minulý rok v eurách. S týmto súvisí niekoľko aktuálnych zmien. 
610 2 0 |a asignácia daňová 
610 2 0 |a osoby fyzické 
610 2 0 |a osoby právnické 
610 2 0 |a 2010 
100 1 |a Stričík, Michal, 1969-